000 00289nam a2200121Ia 4500
005 20251222143301.0
008 251222s9999||||xx |||||||||||||| ||spa||
082 _a374/L42
100 _aLeirman, Walter
245 0 _aLa Educación de Adultos como Proceso
264 _bTarea
942 _cLIB
999 _c15325
_d15325